01326nam a22002297a 4500003000400000008004100004020001800045082001500063100002700078245007100105250001300176260002700189300001100216650000800227942001200235999001700247952016200264952016100426952016100587952017400748952017400922OSt240427b |||||||| |||| 00| 0 eng d a9789355733894 a658.32 CHR a CHAKRABARTI, Diganta  aReward Management: Concepts and Practices for Modern Organizations aIst, ed. aDelhi,bCengage,c2022 a275 p. aMBA 2ddccBK c12571d12571 00102ddc40708MBAaPIETbPIETd2024-03-23eZafaa Books & Distributorsg499.00kZBD0463l0o658.32 CHRp36683r2024-04-27 00:00:00v359.28w2024-03-23yREF 00102ddc40708MBAaPIETbPIETd2024-03-23eZafaa Books & Distributorsg499.00kZBD0463l0o658.32 CHRp36684r2024-04-27 00:00:00v359.28w2024-03-23yBK 00102ddc40708MBAaPIETbPIETd2024-03-23eZafaa Books & Distributorsg499.00kZBD0463l0o658.32 CHRp36685r2024-04-27 00:00:00v359.28w2024-03-23yBK 00102ddc40708MBAaPIETbPIETd2024-04-14eZafaa Books and DistributorsfIn rupeesg499.00kZBD0030l0o658.32 CHRp37554r2024-04-30 00:00:00v359.28w2024-04-14yBK 00102ddc40708MBAaPIETbPIETd2024-04-14eZafaa Books and DistributorsfIn rupeesg499.00kZBD0030l0o658.32 CHRp37555r2024-04-30 00:00:00v359.28w2024-04-14yBK